[Event "e2e4 Diamond Jubilee Premier"]
[Site "London ENG"]
[Date "2012.06.06"]
[Round "9.17"]
[White "Jaunooby, Ali R"]
[Black "Thompson, Robert"]
[Result "1-0"]
[WhiteElo "2158"]
[BlackElo "1965"]
[WhiteFideId "413291"]
[BlackFideId "417513"]
[EventDate "2012.06.02"]

1. d4 Nf6 2. c4 g6 3. g3 Bg7 4. Bg2 O-O 5. Nc3 d6 6. e3 Nc6 7. Nge2 Bd7 8. h3 a6
9. a4 Rb8 10. a5 Qc8 11. b3 Na7 12. g4 b5 13. axb6 cxb6 14. Qc2 b5 15. Qa2 Bc6
16. Nd5 Nxd5 17. cxd5 Bb7 18. Bd2 e6 19. Rc1 Qd7 20. Ba5 Rbc8 21. Rxc8 Qxc8 22.
e4 exd5 23. exd5 f5 24. Bb6 Qa8 25. b4 Nc8 26. Bc7 f4 27. Bf3 Rf7 28. Bd8 Ne7
29. Bxe7 Rxe7 30. O-O g5 31. Rc1 Bf6 32. Qc2 Bxd5 33. Qf5 Bxf3 34. Rc8+ Qxc8 35.
Qxc8+ Kg7 36. Qc3 Bxe2 37. Kg2 Bc4 38. h4 h6 39. Qa1 Re4 40. Qxa6 Rxd4 41. Qb7+
Bf7 42. Qxb5 Bd5+ 43. Kh3 gxh4 44. Qd7+ Bf7 45. b5 Rd3+ 46. Kh2 Rd2 47. Kg2 Be5
48. g5 hxg5 49. b6 Kf6 50. b7 Bd5+ 51. Kh3 Rxf2 52. b8=Q Be6+ 53. Qxe6+ Kxe6 54.
Qg8+ Kf5 55. Qh7+ Kf6 56. Qh6+ Kf7 57. Kg4 Rg2+ 58. Kf5 Ke7 59. Qh7+ Kd8 60. Ke6
Kc8 61. Qd7+ Kb8 62. Qb5+ Kc7 63. Qa5+ Kc6 64. Qd5+ Kb6 65. Qxg2 Kc5 66. Qxg5
Kd4 67. Qxh4 Ke3 68. Qe1+ Kf3 69. Kf5 Kg2 70. Qe2+ Kg3 71. Ke4 1-0

[Event "e2e4 Diamond Jubilee Premier"]
[Site "London ENG"]
[Date "2012.06.06"]
[Round "9.18"]
[White "McDonald, Ian"]
[Black "Josse, Mark"]
[Result "0-1"]
[WhiteElo "1840"]
[BlackElo "2131"]
[WhiteFideId "2401541"]
[BlackFideId "414476"]
[EventDate "2012.06.02"]

1. e4 c5 2. Nf3 e6 3. d4 cxd4 4. Nxd4 a6 5. Nc3 b5 6. Be3 Bb7 7. Bd3 Qc7 8. Qd2
Nf6 9. O-O Bb4 10. Ncxb5 Qa5 11. Nd6+ Ke7 12. Nxb7 Bxd2 13. Nxa5 Bxa5 14. c4 Ng4
15. Bf4 Bb6 16. Nb3 e5 17. Bg5+ f6 18. Bd2 Nc6 19. c5 Bc7 20. Bc4 a5 21. a4 g5
22. h3 Nh6 23. Bc3 Nf7 24. Rfd1 Nfd8 25. Rd2 Ne6 26. Rad1 Rhd8 27. Bb5 h5 28.
Rd5 h4 29. g3 Ra7 30. Nd2 Ncd4 31. Nc4 Ne2+ 32. Kf1 N2d4 33. b4 axb4 34. Bxb4
Nc6 35. Bxc6 dxc6 36. Rxd8 Bxd8 37. Nb6 Ke8 38. Rd6 Nd4 39. Bc3 Be7 40. Bxd4
Bxd6 41. Nc8 exd4 42. Nxa7 g4 43. cxd6 gxh3 44. Nxc6 h2 45. Kg2 d3 46. e5 d2 47.
e6 h1=Q+ 48. Kxh1 d1=Q+ 0-1

[Event "e2e4 Diamond Jubilee Premier"]
[Site "London ENG"]
[Date "2012.06.06"]
[Round "9.19"]
[White "Talbot, Andrew R"]
[Black "Lalic, Peter D"]
[Result "1/2-1/2"]
[WhiteElo "2158"]
[BlackElo "2097"]
[WhiteFideId "410403"]
[BlackFideId "416711"]
[EventDate "2012.06.02"]

1. d4 Nf6 2. c4 c5 3. d5 b5 4. cxb5 a6 5. bxa6 g6 6. Nc3 Bxa6 7. g3 d6 8. Bg2
Bg7 9. Nf3 Nbd7 10. Rb1 Qa5 11. Bd2 O-O 12. O-O Rfb8 13. b3 Ne8 14. Qc2 Qa3 15.
Bh3 1/2-1/2

[Event "e2e4 Diamond Jubilee Premier"]
[Site "London ENG"]
[Date "2012.06.06"]
[Round "9.20"]
[White "Burrows, Martin P"]
[Black "Goodger, Martyn"]
[Result "1/2-1/2"]
[WhiteElo "2134"]
[BlackElo "2091"]
[WhiteFideId "409057"]
[BlackFideId "408336"]
[EventDate "2012.06.02"]

1. e4 d5 2. exd5 Qxd5 3. Nc3 Qa5 4. d4 Nf6 5. Nf3 c6 6. Bc4 Bf5 7. Bd2 e6 8. Qe2
Bb4 9. O-O-O Nbd7 10. a3 Bxc3 11. Bxc3 Qc7 12. Ne5 b5 13. Bb3 Be4 14. d5 Bxd5
15. Nxd7 Qxd7 16. Bxf6 gxf6 17. Rhe1 O-O-O 18. Bxd5 exd5 19. Qf3 Qd6 20. Re3
Rde8 21. Rde1 Rxe3 22. Qxe3 d4 23. Qe4 Rd8 24. g3 Rd7 25. Qxh7 b4 26. axb4 Qxb4
27. Qe4 Kc7 28. h4 a5 29. Rd1 a4 30. Qd3 c5 31. c4 Re7 32. Kc2 f5 33. h5 Re6 34.
Rh1 Rb6 35. Rb1 Rh6 36. Rh1 Rb6 37. Rb1 1/2-1/2

[Event "e2e4 Diamond Jubilee Premier"]
[Site "London ENG"]
[Date "2012.06.06"]
[Round "9.21"]
[White "Pace, Colin"]
[Black "Orishko, Yaroslav"]
[Result "1/2-1/2"]
[WhiteTitle "CM"]
[WhiteElo "2128"]
[BlackElo "2080"]
[WhiteFideId "5600189"]
[BlackFideId "14102919"]
[EventDate "2012.06.02"]

1. e4 d5 2. exd5 Qxd5 3. Nc3 Qa5 4. d4 c6 5. Bc4 Nf6 6. Nf3 Bg4 7. h3 Bh5 8. g4
Bg6 9. Ne5 Nbd7 10. Qe2 e6 11. Bb3 Bb4 12. Bd2 Nxe5 13. dxe5 Nd5 14. Nxd5 Bxd2+
15. Qxd2 Qxd2+ 16. Kxd2 cxd5 17. c3 1/2-1/2

[Event "e2e4 Diamond Jubilee Premier"]
[Site "London ENG"]
[Date "2012.06.06"]
[Round "9.22"]
[White "Jackson, James P"]
[Black "Savage, Nicholas W"]
[Result "1-0"]
[WhiteElo "2121"]
[BlackElo "2072"]
[WhiteFideId "416860"]
[BlackFideId "417157"]
[EventDate "2012.06.02"]

1. e4 e5 2. Nf3 Nc6 3. Bb5 Nf6 4. O-O Nxe4 5. d4 Nd6 6. Bxc6 dxc6 7. dxe5 Nf5 8.
Qxd8+ Kxd8 9. Nc3 Ke8 10. b3 h6 11. Bb2 Be6 12. Ne2 Bc5 13. Nf4 Rd8 14. Rad1 Bd5
15. Nd2 Nd4 16. c4 Be6 17. Ne4 b6 18. b4 Bxb4 19. Rxd4 Rxd4 20. Bxd4 Bxc4 21.
Rc1 1-0

[Event "e2e4 Diamond Jubilee Premier"]
[Site "London ENG"]
[Date "2012.06.06"]
[Round "9.23"]
[White "Fox, Anthony"]
[Black "Armstrong, Malcolm J"]
[Result "1/2-1/2"]
[WhiteElo "2110"]
[BlackElo "2040"]
[WhiteFideId "2500736"]
[BlackFideId "409049"]
[EventDate "2012.06.02"]

1. e4 c6 2. d4 d5 3. Nc3 dxe4 4. Nxe4 Bf5 5. Ng3 Bg6 6. h4 h6 7. Nf3 Nd7 8. h5
Bh7 9. Bd3 Bxd3 10. Qxd3 Qc7 11. Bd2 Ngf6 12. O-O-O e6 13. Ne4 O-O-O 14. c4 Nxe4
15. Qxe4 Nf6 16. Qe2 Bd6 17. Bc3 c5 18. dxc5 Bf4+ 19. Kc2 Qxc5 20. Ne5 Bxe5 21.
Bxe5 Rxd1 22. Rxd1 Rd8 1/2-1/2

[Event "e2e4 Diamond Jubilee Premier"]
[Site "London ENG"]
[Date "2012.06.06"]
[Round "9.24"]
[White "Bennett, Dominic L"]
[Black "Kahn, Tito"]
[Result "0-1"]
[WhiteElo "2072"]
[BlackElo "2085"]
[WhiteFideId "416657"]
[BlackFideId "15600084"]
[EventDate "2012.06.02"]

1. d4 g6 2. c4 Nf6 3. Nc3 d5 4. cxd5 Nxd5 5. e4 Nxc3 6. bxc3 Bg7 7. Nf3 O-O 8.
Rb1 c5 9. Be2 Nc6 10. d5 Bxc3+ 11. Bd2 Bxd2+ 12. Qxd2 Nd4 13. Nxd4 cxd4 14. Qxd4
Qa5+ 15. Qd2 Qc5 16. O-O Rd8 17. Rfd1 Qd6 18. h4 Kg7 19. Qe3 f6 20. f4 b6 21.
Rbc1 Bb7 22. e5 Qd7 23. d6 Rac8 24. Bc4 Rc5 25. dxe7 Qxe7 26. Rxd8 Qxd8 27. e6
Kf8 28. Re1 Ke7 29. Bb3 Bc6 30. g4 Rd5 31. g5 fxg5 32. Qc3 Rd3 33. Qg7+ Kd6 34.
Qe5+ Ke7 35. Qg7+ Kd6 36. e7 Rg3+ 37. Kf1 Rf3+ 38. Kg1 Rg3+ 39. Kh2 Rg2+ 40. Kh1
Re2+ 0-1

[Event "e2e4 Diamond Jubilee Premier"]
[Site "London ENG"]
[Date "2012.06.06"]
[Round "9.25"]
[White "Snape, Ian L"]
[Black "Garnett, John S"]
[Result "0-1"]
[WhiteElo "2229"]
[BlackElo "2008"]
[WhiteFideId "404489"]
[BlackFideId "410829"]
[EventDate "2012.06.02"]

1. e4 c5 2. Nf3 Nc6 3. d4 cxd4 4. Nxd4 g6 5. Nc3 Bg7 6. Be3 Nf6 7. Bc4 Qa5 8.
Nb3 Qb4 9. Bd3 Nxe4 10. O-O Nxc3 11. bxc3 Qxc3 12. Rb1 O-O 13. Nc5 b6 14. Ne4
Qe5 15. Qd2 Qc7 16. Bh6 Ne5 17. Qf4 Bb7 18. Rb5 f6 19. Ng3 Bxh6 20. Qxh6 Nxd3
21. Rh5 gxh5 22. Nf5 Rf7 23. Qxh5 Rg7 24. Nxg7 Kxg7 25. cxd3 Qe5 26. Qh3 Qd5 27.
Re1 e6 28. f3 Qd4+ 29. Kh1 Qxd3 30. Qg3+ Qg6 31. Qd6 Bc6 32. h3 Kh8 33. Re2 Rg8
34. Qf4 Qg5 35. Qd4 e5 36. Qf2 Rc8 37. Rc2 Bb7 38. Rxc8+ Bxc8 39. Qb2 Qe3 40.
Qc2 Qc5 41. Qd2 d5 42. Qh6 Qe7 43. Qc1 Bb7 44. Qd2 d4 45. a4 Kg7 46. Qf2 Qe8 47.
a5 bxa5 48. Qg3+ Qg6 49. Qe1 d3 50. Qxa5 Qf7 0-1

[Event "e2e4 Diamond Jubilee Premier"]
[Site "London ENG"]
[Date "2012.06.06"]
[Round "9.26"]
[White "Humphreys, Jerry G"]
[Black "Grattage, Matthew"]
[Result "1-0"]
[WhiteElo "2080"]
[BlackElo "2002"]
[WhiteFideId "408158"]
[BlackFideId "423750"]
[EventDate "2012.06.02"]

1. e4 e5 2. Nf3 Nc6 3. d4 exd4 4. Nxd4 Bc5 5. Be3 Qf6 6. c3 Nge7 7. Bc4 Qg6 8.
O-O Bxd4 9. Bxd4 Qxe4 10. Re1 Qg6 11. Re3 Qd6 12. Qg4 Qg6 13. Qxg6 hxg6 14. Bxg7
Rh5 15. Nd2 d5 16. Bb5 Be6 17. Bf6 a6 18. Bd3 O-O-O 19. Nf3 Rd6 20. Rae1 Nf5 21.
R3e2 Nh6 22. Bxg6 fxg6 23. Rxe6 Kd7 24. Rxd6+ Kxd6 25. Bg5 Nf7 26. Bf4+ Kd7 27.
g4 Rh8 28. Kg2 Nd6 29. Rd1 Rf8 30. Bg3 Ne7 31. Ne5+ Ke8 32. Bh4 Nc6 33. Rxd5 g5
34. Bxg5 Ne4 35. Bh4 1-0

[Event "e2e4 Diamond Jubilee Premier"]
[Site "London ENG"]
[Date "2012.06.06"]
[Round "9.27"]
[White "Dixit, Kumar"]
[Black "Mihajlov, Sebastian"]
[Result "1/2-1/2"]
[WhiteElo "1858"]
[BlackElo "2064"]
[WhiteFideId "421103"]
[BlackFideId "1512110"]
[EventDate "2012.06.02"]

1. d4 d5 2. c4 c6 3. Nf3 Nf6 4. Nc3 dxc4 5. a4 Bf5 6. e3 e6 7. Bxc4 Bb4 8. O-O
Nbd7 9. Qe2 O-O 10. Bd2 Bg6 11. Ne4 Bxd2 12. Nxf6+ Qxf6 13. Qxd2 Be4 14. Qe2 e5
15. Rfd1 Rad8 16. Rd2 exd4 17. Rxd4 Bxf3 18. Qxf3 Qxf3 19. gxf3 Ne5 20. Rxd8
Rxd8 21. Be2 Rd2 22. Rd1 Rxd1+ 23. Bxd1 Nd3 24. b3 Nb4 25. Kf1 Kf8 26. Ke2 Ke7
27. Kd2 Kd6 28. Be2 f6 29. Kc3 Kc5 30. e4 g5 31. a5 b6 32. axb6 axb6 33. Bc4 b5
34. Be6 h6 35. Bc8 1/2-1/2

[Event "e2e4 Diamond Jubilee Premier"]
[Site "London ENG"]
[Date "2012.06.06"]
[Round "9.28"]
[White "Murphy, Conor E"]
[Black "Donovan, Nigel P"]
[Result "0-1"]
[WhiteElo "1954"]
[BlackElo "2033"]
[WhiteFideId "421669"]
[BlackFideId "403822"]
[EventDate "2012.06.02"]

1. Nf3 c5 2. g3 g6 3. c4 Nf6 4. Bg2 Bg7 5. Nc3 Nc6 6. O-O d6 7. d3 O-O 8. Rb1 a6
9. a3 Rb8 10. b4 cxb4 11. axb4 b5 12. Nd2 Bd7 13. Ba3 Qb6 14. Nd5 Nxd5 15. cxd5
Nd4 16. e3 Nf5 17. Nb3 e5 18. Na5 Ne7 19. Rc1 f5 20. e4 f4 21. g4 Rf7 22. Bf3 g5
23. Kg2 Ng6 24. Rh1 Nh4+ 25. Kf1 Rc8 26. Ke2 Nxf3 27. Kxf3 Bxg4+ 28. Kxg4 Rxc1
29. Bxc1 Qxf2 30. Kxg5 Qg2+ 31. Qg4 Qxh1 32. Nc6 h6+ 33. Kg6 Rf6+ 34. Kh5 Qxh2+
35. Qh4 Qxh4+ 36. Kxh4 f3 37. Ne7+ Kh7 38. Nf5 f2 0-1

[Event "e2e4 Diamond Jubilee Premier"]
[Site "London ENG"]
[Date "2012.06.06"]
[Round "9.29"]
[White "Pena Torres, Jose Carlos"]
[Black "Taylor, Adam C"]
[Result "0-1"]
[WhiteElo "2105"]
[BlackElo "1948"]
[WhiteFideId "2206617"]
[BlackFideId "424668"]
[EventDate "2012.06.02"]

1. e4 c5 2. Nf3 d6 3. d4 cxd4 4. Nxd4 Nf6 5. Nc3 a6 6. Be2 e6 7. O-O Be7 8. a4
O-O 9. a5 Nc6 10. Nb3 d5 11. exd5 Nxd5 12. Nxd5 Qxd5 13. Qxd5 exd5 14. c3 Be6
15. Be3 Ne5 16. Nc5 Rfc8 17. Nxe6 fxe6 18. Bd4 Ng6 19. Bg4 Rc6 20. Rae1 Nf8 21.
f4 Bf6 22. Bb6 Re8 23. Re2 Nd7 24. Ba7 g6 25. Rfe1 Nf8 26. f5 gxf5 27. Bf3 Rd8
28. Rd1 Kg7 29. g4 f4 30. Rg2 Ng6 31. g5 Be7 32. Rg4 Bc5+ 33. Bxc5 Rxc5 34. h4
e5 35. h5 Ne7 36. Re1 Nc6 37. h6+ Kg6 38. Bd1 Rf8 39. Rf1 Rxa5 40. Bc2+ e4 41.
c4 Ne5 42. Rgxf4 0-1

[Event "e2e4 Diamond Jubilee Premier"]
[Site "London ENG"]
[Date "2012.06.06"]
[Round "9.30"]
[White "Collins, Andrew"]
[Black "McMahon, Daire"]
[Result "0-1"]
[BlackTitle "FM"]
[WhiteElo "1685"]
[BlackElo "2229"]
[WhiteFideId "425907"]
[BlackFideId "2500477"]
[EventDate "2012.06.02"]

1. e4 e5 2. Nf3 Nc6 3. Bb5 Nf6 4. O-O Bc5 5. d3 Nd4 6. Nxd4 Bxd4 7. c3 Bb6 8.
Bg5 h6 9. Bh4 c6 10. Ba4 d6 11. Nd2 g5 12. Bg3 h5 13. h4 Bg4 14. Qc1 Nh7 15.
hxg5 Nxg5 16. Nc4 h4 17. Nxd6+ Qxd6 18. Qxg5 hxg3 19. Qxg4 Qh6 20. Qh3 gxf2+ 21.
Kh1 0-1

[Event "e2e4 Diamond Jubilee Premier"]
[Site "London ENG"]
[Date "2012.06.06"]
[Round "9.31"]
[White "Grigoryan, Meri"]
[Black "Balaji, Ananthanarayanan"]
[Result "1/2-1/2"]
[WhiteTitle "WFM"]
[WhiteElo "2028"]
[BlackElo "1834"]
[WhiteFideId "13300571"]
[BlackFideId "421197"]
[EventDate "2012.06.02"]

1. d4 d5 2. Nf3 c6 3. Bg5 Nf6 4. Bxf6 exf6 5. c3 Bd6 6. Qc2 Be6 7. e3 Nd7 8.
Nbd2 f5 9. Bd3 g6 10. h4 h5 11. Ng5 Nf6 12. Nxe6 fxe6 13. Nf3 Ng4 14. Ng5 Qe7
15. O-O-O b5 16. Rde1 O-O 17. Kb1 a5 18. Re2 Nh6 19. f3 Nf7 20. Nxf7 Qxf7 21. e4
Rae8 22. exd5 exd5 23. Rxe8 Rxe8 24. g4 fxg4 25. fxg4 Qf6 26. Rf1 Qxf1+ 27. Bxf1
Re1+ 28. Qc1 Rxc1+ 29. Kxc1 hxg4 30. Kd2 Kg7 31. Be2 g3 32. Ke3 Bf4+ 33. Kf3 Bc1
34. b3 Bb2 35. c4 bxc4 36. bxc4 dxc4 37. Bxc4 Bxd4 38. Kxg3 Kf6 39. Kg4 Be3 40.
Bd3 Bh6 41. Kf3 g5 42. hxg5+ Bxg5 43. Ke4 Ke6 44. Kd4 Kd6 45. Kc4 Bd2 46. Be4 c5
47. Bh1 Bb4 48. Be4 Ke5 49. Bh7 Kf4 50. Kb5 Ke3 51. a3 Kd4 52. axb4 axb4 53. Bg8 1/2-1/2

[Event "e2e4 Diamond Jubilee Premier"]
[Site "London ENG"]
[Date "2012.06.06"]
[Round "9.32"]
[White "Waterfield, John W"]
[Black "Tarhon, Brian"]
[Result "1-0"]
[WhiteElo "2009"]
[BlackElo "1769"]
[WhiteFideId "407143"]
[BlackFideId "423190"]
[EventDate "2012.06.02"]

1. e4 c5 2. c3 Nf6 3. e5 Nd5 4. Bc4 Nb6 5. Bb3 d5 6. exd6 e6 7. Nf3 Bxd6 8. O-O
Nc6 9. Na3 a6 10. d4 cxd4 11. Nxd4 Nxd4 12. Qxd4 e5 13. Qe4 O-O 14. Nc2 Kh8 15.
a4 f5 16. Qe2 Qf6 17. Rd1 f4 18. a5 Nd7 19. Bd5 Re8 20. b4 Nf8 21. Bb2 Qh6 22.
f3 Rb8 23. c4 Bd7 24. Ba3 Ba4 25. b5 Bxa3 26. Rxa3 Bxc2 27. Qxc2 Ne6 28. Bxe6
Qxe6 29. Rad3 Qf5 30. Qe2 h6 31. Rd7 axb5 32. cxb5 Qg5 33. Qd3 Qf6 34. Qd5 Re7
35. Rxe7 Qxe7 36. Qd6 Qxd6 37. Rxd6 Ra8 38. a6 bxa6 39. bxa6 Kh7 40. Kf2 g5 41.
Ke2 Re8 42. Kd3 Kg7 43. Ke4 h5 44. a7 g4 45. Ra6 Ra8 46. Kxe5 g3 47. hxg3 fxg3
48. Kf4 h4 49. Kg4 h3 50. Kxh3 1-0

[Event "e2e4 Diamond Jubilee Premier"]
[Site "London ENG"]
[Date "2012.06.06"]
[Round "9.33"]
[White "Cafolla, Peter"]
[Black "Taylor, Robert Graham"]
[Result "1-0"]
[WhiteElo "1995"]
[BlackElo "1957"]
[WhiteFideId "2500884"]
[BlackFideId "1800841"]
[EventDate "2012.06.02"]

1. d4 d5 2. c4 c6 3. Nf3 Nf6 4. Nc3 Bf5 5. cxd5 cxd5 6. Qb3 Qb6 7. Nxd5 Nxd5 8.
Qxd5 e6 9. Qb3 Qxb3 10. axb3 Bc2 11. Bd2 Bxb3 12. e3 Bd5 13. Bd3 Bd6 14. e4 Bc6
15. b4 O-O 16. O-O b6 17. Rfc1 Rc8 18. b5 Bb7 19. Rxc8+ Bxc8 20. e5 Bf8 21. Be4 1-0

[Event "e2e4 Diamond Jubilee Premier"]
[Site "London ENG"]
[Date "2012.06.06"]
[Round "9.34"]
[White "Taylor, Dale C"]
[Black "Stewart, Ashley"]
[Result "0-1"]
[WhiteElo "1990"]
[BlackElo "1994"]
[WhiteFideId "416410"]
[BlackFideId "419001"]
[EventDate "2012.06.02"]

1. Nf3 g6 2. c4 Bg7 3. e4 c5 4. d4 cxd4 5. Nxd4 Nc6 6. Be3 d6 7. Nc3 Nf6 8. Be2
O-O 9. O-O Bd7 10. Qd2 Nxd4 11. Bxd4 Bc6 12. f3 a5 13. b3 Nd7 14. Be3 Nc5 15.
Rab1 Qb6 16. Rfc1 Rfc8 17. Rc2 h5 18. Nd5 Qd8 19. a3 Bxd5 20. cxd5 Kh7 21. Bb5
Qh8 22. b4 axb4 23. axb4 Na6 24. Bxa6 Rxa6 25. Rxc8 Qxc8 26. Rc1 Qa8 27. b5 Ra2
28. Rc2 Rxc2 29. Qxc2 Qa1+ 30. Qc1 Qa5 31. b6 Qb4 32. Kf2 Bc3 33. Qc2 Bd4 34.
Bxd4 Qxd4+ 35. Kg3 Qxb6 36. Qc8 Qb2 37. Qd7 Qe5+ 38. Kf2 b6 39. Qb7 Kg7 40. Qxb6
Qxh2 41. Qd8 Qe5 42. Qd7 Qb2+ 43. Kg3 Qf6 44. Qd8 Qg5+ 45. Kf2 h4 46. Qc8 Qd2+
47. Kg1 Qe1+ 48. Kh2 Qg3+ 49. Kh1 Qe1+ 50. Kh2 Qg3+ 51. Kh1 Qe5 52. Qc7 g5 53.
Kg1 Qg3 54. Kh1 Qe1+ 55. Kh2 Qg3+ 56. Kh1 g4 57. fxg4 Qe1+ 58. Kh2 Qxe4 59. Kh3
Qe1 60. Kh2 Qg3+ 61. Kh1 h3 62. gxh3 Qxh3+ 63. Kg1 Qg3+ 64. Kh1 Qe1+ 65. Kg2
Qe4+ 66. Kh3 Qh1+ 67. Kg3 Qxd5 68. Qxe7 Qe5+ 69. Qxe5+ dxe5 70. g5 Kg6 71. Kg4
e4 72. Kf4 e3 0-1

[Event "e2e4 Diamond Jubilee Premier"]
[Site "London ENG"]
[Date "2012.06.06"]
[Round "9.35"]
[White "Shepherd, David"]
[Black "Olsson, Tomas"]
[Result "1-0"]
[WhiteElo "1934"]
[BlackElo "1992"]
[WhiteFideId "412023"]
[BlackFideId "1702696"]
[EventDate "2012.06.02"]

1. d4 Nf6 2. Nf3 g6 3. Nc3 d5 4. Bf4 Nh5 5. Bg5 h6 6. Bd2 Nf6 7. Bf4 c6 8. h3
Nbd7 9. e3 Bg7 10. Ne5 Ng8 11. Qd2 Nxe5 12. Bxe5 Bxe5 13. dxe5 Qc7 14. f4 h5 15.
O-O-O Bf5 16. Be2 h4 17. Bf3 O-O-O 18. e4 dxe4 19. Qxd8+ Qxd8 20. Rxd8+ Kxd8 21.
Bxe4 Nh6 22. Rd1+ Kc7 23. Rd2 Rg8 24. Kd1 Bxe4 25. Nxe4 Rd8 26. Rxd8 Kxd8 27.
Ng5 Kd7 28. Kd2 f6 29. e6+ Kc7 30. Nf7 Nf5 31. c3 Ng7 32. Nh8 g5 33. fxg5 fxg5
34. Ke3 Nxe6 35. Ke4 Nf4 36. Nf7 Nxg2 37. Nxg5 Kd6 38. Nf7+ Kc5 39. Ne5 Kd6 40.
b4 b6 41. Nd3 e5 42. Nxe5 Ne1 43. Nc4+ Ke6 44. Ne3 b5 45. Nf5 Ng2 46. Nd4+ Kd6
47. Nc2 c5 48. Kf3 cxb4 49. cxb4 Kd5 50. Kxg2 Kc4 51. a3 a6 52. Kf3 Kb3 53. Nd4+
Kxa3 54. Nc6 Kb3 55. Kg4 Kc4 56. Kxh4 a5 57. bxa5 Kc5 58. Ne5 Kd4 59. a6 1-0

[Event "e2e4 Diamond Jubilee Premier"]
[Site "London ENG"]
[Date "2012.06.06"]
[Round "9.37"]
[White "Jensen, Soren2"]
[Black "Shepherd, Katherine M"]
[Result "1/2-1/2"]
[WhiteElo "1876"]
[BlackElo "1763"]
[WhiteFideId "1409999"]
[BlackFideId "412031"]
[EventDate "2012.06.02"]

1. c4 c6 2. g3 d5 3. cxd5 cxd5 4. Bg2 Nf6 5. Nf3 Nc6 6. O-O Bf5 7. d3 h6 8. b3
e6 9. Bb2 Be7 10. Nbd2 O-O 11. Nd4 Nxd4 12. Bxd4 Bg6 13. Nf3 Nd7 14. Rc1 Bf6 15.
Bxf6 Nxf6 16. Qd2 Qb6 17. Rc2 Rfc8 18. Rfc1 Rxc2 19. Qxc2 Ng4 20. Qc5 Qxc5 21.
Rxc5 Rb8 22. h3 Nf6 23. Ne5 Ne8 24. Nxg6 fxg6 25. f4 Kf7 26. Kf2 Ke7 27. e4 b6
28. Rc6 dxe4 29. Bxe4 Kf7 30. h4 Rd8 1/2-1/2

[Event "e2e4 Diamond Jubilee Premier"]
[Site "London ENG"]
[Date "2012.06.06"]
[Round "9.38"]
[White "Kalaiyalahan, Akshaya"]
[Black "Sedgwick, David R"]
[Result "0-1"]
[WhiteElo "1646"]
[BlackElo "2031"]
[WhiteFideId "422894"]
[BlackFideId "404020"]
[EventDate "2012.06.02"]

1. e4 e5 2. Nf3 d5 3. exd5 Bd6 4. Be2 f5 5. d3 Nf6 6. Nc3 O-O 7. O-O Nbd7 8. Nd2
Qe7 9. Nc4 Nb6 10. Nxd6 Qxd6 11. d4 e4 12. Nb5 Qe7 13. c4 a6 14. Nc3 Bd7 15. Bf4
Be8 16. f3 exf3 17. Rxf3 Bh5 18. Re3 Qf7 19. Bxh5 Nxh5 20. Be5 Nxc4 21. Rh3 g6
22. Qb3 Nxe5 23. dxe5 Kh8 24. Re1 Rfe8 25. Rhe3 c6 26. d6 Qxb3 27. axb3 Rad8 28.
Na4 Nf4 29. Nb6 Nd5 30. Nxd5 cxd5 31. Kf2 Kg7 32. Rc3 Rd7 33. Rc5 Kf7 34. Rxd5
Ke6 35. Rc5 Red8 36. b4 g5 37. Kf3 h5 38. Re2 Rf8 39. b3 f4 40. Ke4 f3 41. gxf3
Rf4+ 42. Ke3 Rxb4 43. Kf2 Rxb3 44. Rc8 Rf7 45. Re8+ Kd7 46. e6+ Kxe8 47. d7+
Rxd7 48. exd7+ Kxd7 49. Re5 Rb5 50. Re4 Kd6 51. h4 gxh4 52. Rxh4 Rc5 53. f4 b5
54. Ke3 a5 55. Ke4 a4 56. Rh1 a3 57. f5 Rc4+ 58. Kd3 a2 59. Ra1 Ra4 60. Kc3 Ke5
61. Kb2 Kxf5 62. Rf1+ Kg4 63. Ka1 h4 64. Rf8 h3 65. Rg8+ Kf3 66. Rf8+ Rf4 67.
Rh8 Kg3 68. Kxa2 h2 69. Kb3 Rh4 70. Rg8+ Kf4 71. Rf8+ Ke5 72. Re8+ Kd6 0-1

[Event "e2e4 Diamond Jubilee Premier"]
[Site "London ENG"]
[Date "2012.06.06"]
[Round "9.39"]
[White "Neatherway, A Philip"]
[Black "Orishko, Ostap"]
[Result "1-0"]
[WhiteElo "1926"]
[BlackElo "1914"]
[WhiteFideId "418854"]
[BlackFideId "14136856"]
[EventDate "2012.06.02"]

1. e4 c5 2. Nf3 d6 3. d4 cxd4 4. Nxd4 Nf6 5. Nc3 g6 6. Be3 Bg7 7. f3 a6 8. Qd2
b5 9. a4 b4 10. Nd5 Nxd5 11. exd5 a5 12. Bb5+ Bd7 13. O-O-O Qc7 14. Bh6 O-O 15.
Bxg7 Kxg7 16. h4 b3 17. h5 bxc2 18. Rde1 Bxb5 19. hxg6 1-0

[Event "e2e4 Diamond Jubilee Premier"]
[Site "London ENG"]
[Date "2012.06.06"]
[Round "9.40"]
[White "Pattni, Kishan"]
[Black "Gupta, Arul"]
[Result "0-1"]
[WhiteElo "1736"]
[BlackElo "1697"]
[WhiteFideId "420751"]
[BlackFideId "422622"]
[EventDate "2012.06.02"]

1. f4 d5 2. Nf3 Bg4 3. e3 Nf6 4. Bd3 c5 5. c3 e6 6. O-O Bd6 7. Qe1 Nc6 8. Bc2
O-O 9. d4 Rc8 10. Ne5 Bh5 11. Nxc6 Rxc6 12. Nd2 Bg6 13. Bxg6 hxg6 14. Nf3 Ne4
15. Qe2 cxd4 16. exd4 f5 17. Ne1 Kf7 18. Nd3 Rh8 19. Ne5+ Bxe5 20. fxe5 Qh4 21.
g3 Nxg3 22. hxg3 Qh1+ 23. Kf2 Rh2+ 0-1

[Event "e2e4 Diamond Jubilee Premier"]
[Site "London ENG"]
[Date "2012.06.06"]
[Round "9.41"]
[White "Bullock, Lee"]
[Black "Skjolas, Erling Dyrhaug"]
[Result "1-0"]
[WhiteElo "1467"]
[BlackElo "1585"]
[WhiteFideId "425397"]
[BlackFideId "1516175"]
[EventDate "2012.06.02"]

1. f4 e6 2. Nf3 d5 3. e3 Nf6 4. Bd3 Be7 5. O-O c5 6. b3 O-O 7. Bb2 Nc6 8. a3 a6
9. Qe1 b5 10. Ne5 Bb7 11. Nc3 d4 12. Nxc6 Bxc6 13. exd4 Qxd4+ 14. Kh1 b4 15. Nd1
Qd7 16. axb4 cxb4 17. Rxa6 Qb7 18. Rxc6 Qxc6 19. Bxf6 Bxf6 20. Be4 Qc7 21. Bxa8
Rxa8 22. Ne3 Ra1 23. Qe2 Rxf1+ 24. Qxf1 g5 25. f5 Qf4 26. Qxf4 gxf4 27. Ng4 Bd4
28. h3 exf5 29. Nh6+ Kf8 30. Nxf5 Be5 31. Kg1 f6 32. Kf2 Kf7 33. d4 Bc7 34. d5
Kg6 35. g4 Kf7 36. d6 Bb6+ 37. Kf3 Ke6 38. Kxf4 Bc5 39. Ke4 Bxd6 40. Nxd6 Kxd6
41. Kd4 Ke6 42. Kc4 f5 43. gxf5+ Kxf5 44. Kxb4 Kg5 45. c4 h5 46. c5 Kh4 47. c6
Kxh3 48. c7 Kg2 49. c8=Q h4 50. Qg4+ Kf2 51. Qxh4+ 1-0